| 000 | 00703nam a2200169 a 4500 | ||
|---|---|---|---|
| 001 | 000033294 | ||
| 005 | 20200930070146.0 | ||
| 008 | 110823s1924 dr 000 0 spa d | ||
| 040 |
_aDO-SdBNP _bspa _cBNPHU |
||
| 082 |
_axxxx _bC129 |
||
| 245 | 0 | 0 | _aEl café /. |
| 260 |
_aSanto Domingo : _bDepartamento de Agricultura, _c[1924]. |
||
| 300 |
_a35 p. ; _c17 cm. |
||
| 490 | 1 | _aVulgarización Agricola | |
| 505 | 0 |
_tCartilla sobre la siembra y cultivo del café / _rLuis Carballo -- _tLa poda del café / _rCampos -- _tEfectos de diferentes métodos de transplantar -- _tLa poda del café / _rCarlos E. Chardon -- _tEl café, preparción para su venta / _rEtienne Becan |
|
| 830 | 0 |
_aVulgarización Agricola _922107 |
|
| 999 |
_c32785 _d32785 |
||